00693nam a22002177a 450000100060000000300080000600500170001400800410003103500190007204000260009104100080011708200270012524500900015226000350024230000200027749000550029750500250035265000260037770000170040385600550042052071BD-RjUL20211209075741.0160905s1959 enk||||| |||| 00| 0 eng d a(BD-RjUL)52191 aBD-RjULbengcBD-RjUL aeng 223 a331.15bLAB 1959  aLabor and management :b a complete discussion and debate manual / ced. by Bower Aly aNew York :b Noble, c[©1959] aV. ; c23 cm.  aNUEA discussion and debate manual, 33, 1959-1960. 0 avol 1, 1959-1960 --  aDebates and debating. a Aly, Bower  3NUEA discussion and debate manual, 33, 1959-1960.